K pripravenej novele zákona o NBS

Diskusia k návrhu zákona, ktorým sa mení a dopĺňa zákon NR SR č. 566//1992 Zb. o Národnej banke Slovenska v znení neskorších predpisov a zákon č. 21/1992 Zb. o bankách v znení neskorších predpisov.

Salvato in:
Dettagli Bibliografici
Autore principale: Koperdan, Ondrej
Natura: Capitolo di libro
Lingua:slovacco
Soggetti:
Tags: Aggiungi Tag
Nessun Tag, puoi essere il primo ad aggiungerne!!

MARC

LEADER 00000naa a2200000 4500
001 r040577
005 20230720102451.3
041 0 |a slo 
044 |a SK 
245 1 0 |a K pripravenej novele zákona o NBS  |c Ondrej Koperdan 
520 |a Diskusia k návrhu zákona, ktorým sa mení a dopĺňa zákon NR SR č. 566//1992 Zb. o Národnej banke Slovenska v znení neskorších predpisov a zákon č. 21/1992 Zb. o bankách v znení neskorších predpisov. 
610 2 0 |a banky 
610 2 0 |a bankovníctvo 
610 2 0 |a zákony 
610 2 0 |a úpravy právne 
610 2 0 |a novelizácia 
610 2 0 |a Slovensko 
610 2 0 |a diskusia 
100 1 |a Koperdan, Ondrej